000 00533nam a22001937a 4500
003 CEME
005 20210628202808.0
008 210104b xxu||||| |||| 00| 0 eng d
020 _a9781292019499
040 _cceme
082 _a658.15 SUL
100 _aSullivan, William G ,Wicks, Elin M ,Koelling, C. Patrick
_961666
245 _aEngineering economy ,global edition
250 _a16TH
260 _aUSA
_bPEARSON EDUCATION
_c2014
300 _a694P
650 _aTEXTBOOK-DME.ENGINEERING ECONOMY
_961667
942 _cBK
_2ddc
999 _c571044
_d571044